Nanocomposite science and technology (Record no. 1553)

000 -LEADER
fixed length control field 00828nam a22002537a 4500
001 - CONTROL NUMBER
control field 1553
003 - CONTROL NUMBER IDENTIFIER
control field BD-DhUET
008 - FIXED-LENGTH DATA ELEMENTS--GENERAL INFORMATION
fixed length control field 040315s2003 gw a 001 0 eng
020 ## - INTERNATIONAL STANDARD BOOK NUMBER
International Standard Book Number 3527303596
040 ## - CATALOGING SOURCE
Original cataloging agency UKM
Transcribing agency UKM
Modifying agency BD-DhUET
082 00 - DEWEY DECIMAL CLASSIFICATION NUMBER
Classification number 623.815
Item number AJA/2003
100 1# - MAIN ENTRY--PERSONAL NAME
Personal name Ajayan, P. M.
245 10 - TITLE STATEMENT
Title Nanocomposite science and technology
Statement of responsibility, etc. by P.M. Ajayan, L.S. Schadler and P.V. Braun
260 ## - PUBLICATION, DISTRIBUTION, ETC. (IMPRINT)
Place of publication, distribution, etc. Weinheim
Name of publisher, distributor, etc. Wiley-VCH
Date of publication, distribution, etc. 2003
300 ## - PHYSICAL DESCRIPTION
Extent ix, 230 p.
Other physical details ill.
Dimensions 25 cm.
504 ## - BIBLIOGRAPHY, ETC. NOTE
Bibliography, etc Includes bibliographies
650 #0 - SUBJECT ADDED ENTRY--TOPICAL TERM
Topical term or geographic name as entry element Nanotechnology
700 1# - ADDED ENTRY--PERSONAL NAME
Personal name Schadler, L. S.
700 1# - ADDED ENTRY--PERSONAL NAME
Personal name Braun, P. V.
856 42 - ELECTRONIC LOCATION AND ACCESS
Uniform Resource Identifier http://www.loc.gov/catdir/bios/wiley044/2004297420.html
856 41 - ELECTRONIC LOCATION AND ACCESS
Uniform Resource Identifier http://www.loc.gov/catdir/toc/wiley041/2004297420.html
856 42 - ELECTRONIC LOCATION AND ACCESS
Uniform Resource Identifier http://www.loc.gov/catdir/description/wiley041/2004297420.html
942 ## - ADDED ENTRY ELEMENTS (KOHA)
Koha item type General Book
Holdings
Damaged status Shelving location Koha full call number Location (home branch) Source of classification or shelving scheme Lost status Copy number Piece designation (barcode) Price effective from Koha item type Sublocation or collection (holding branch) Date acquired Withdrawn status Koha date last seen Not for loan Koha normalized classification for sorting
 Circulation section623.815/AJA/2003Central Library, BUET  11006242014-09-09General BookCentral Library, BUET2014-09-09 2014-09-09 623_000000000000000_815AJA2003
 Circulation section623.8/AJA/2003Central Library, BUET  21069492014-09-09General BookCentral Library, BUET2014-09-09 2014-09-09 623_000000000000000_8AJA2003
 Circulation section623.8/AJA/2003Central Library, BUET  31069502014-09-09General BookCentral Library, BUET2014-09-09 2014-09-09 623_000000000000000_8AJA2003